Statistics for Guess the Taylor Swift song with no hint 37

Click here to take the quiz!

General Stats

  • This quiz has been taken 627 times
  • The average score is 195 of 281

Answer Stats

Answer% Correct
I
100%
"I
100%
a
99%
the
99%
you"
98%
you
98%
We
96%
we
96%
and
95%
And
95%
in
93%
it
93%
It
93%
me
93%
where
92%
your
92%
to
91%
on
90%
when
90%
my
89%
were
89%
was
87%
Was
87%
go
85%
I'm
85%
like
85%
Like
85%
there
84%
all
82%
of
82%
this
81%
for
80%
For
80%
not
80%
that
80%
If
79%
don't
78%
know
77%
time
76%
just
75%
But
74%
with
72%
had
69%
Never
69%
see
67%
Cause
66%
first
66%
now
66%
think
66%
how
65%
day
64%
off
64%
been
62%
every
62%
down
61%
right
59%
Back
58%
got
58%
good
56%
about
55%
than
55%
ground
53%
holy
53%
wanna
53%
New
52%
new
52%
other
52%
stood
52%
way
51%
Yeah
51%
face
50%
need
50%
something
50%
Took
50%
took
50%
gonna
48%
looking
48%
we've
48%
away
47%
dance
47%
girl
47%
room
47%
through
47%
dancing
46%
darling
46%
left
46%
dress
45%
lose
45%
made
45%
York
45%
fell
43%
light
43%
we'd
42%
alone
41%
big
41%
brand
41%
city
41%
reminiscing
41%
crowd
40%
guess
40%
ourselves
40%
Tonight
40%
apart
39%
green
39%
perfect
39%
usual
39%
door
38%
note
38%
sound
38%
wonder
38%
faster
37%
page
37%
already
36%
feeling
36%
While
36%
Lord
35%
rhyme
35%
sometimes
35%
Spinning
35%
wide
35%
conversation
34%
dust
34%
joke
34%
story's
34%
fit
33%
poems
33%
coffee
32%
having
32%
noise
32%
skip
32%
glance
31%
blocked
28%

Score Distribution

Percentile by Number Answered

Percent of People with Each Score

Your Score History

You have not taken this quiz